书目信息 |
| 题名: |
货币
|
|
| 作者: | ;《货币》纪录片主创团队 著 | |
| 分册: | Ⅱ | |
| 出版信息: | 北京 中信出版社 2012 |
|
| 页数: | 246页 | |
| 开本: | 23cm | |
| 丛书名: | ||
| 单 册: | ||
| 中图分类: | F821.9 | |
| 科图分类: | ||
| 主题词: | 货币史--世界 , 货币史 | |
| 电子资源: | ||
| ISBN: | 978-7-5086-3484-5 | |
| 000 | 01285nam0 2200277 450 | |
| 001 | 523 | |
| 005 | 20140909101757.98 | |
| 010 | @a978-7-5086-3484-5@dCNY59.00 | |
| 100 | @a20121217d2012 em y0chiy50 ea | |
| 101 | 0 | @achi |
| 102 | @aCN@b110000 | |
| 105 | @aa z 000yy | |
| 106 | @ar | |
| 200 | 1 | @a货币@AHuo Bi@e从货币看懂中国经济和世界经济@ECong Huo Bi Kan Dong Zhong Guo Jing Ji He Shi Jie Jing Ji@hⅡ@dMoney@hⅡ@f《货币》纪录片主创团队著@F《 Huo Bi》 Ji Lu Pian Zhu Chuang Tuan Dui Zhu@zeng |
| 210 | @a北京@c中信出版社@d2012 | |
| 215 | @a246页@c照片@d23cm | |
| 305 | @a中央电视台《货币》纪录片唯一官方授权出版 | |
| 330 | @a本书云集吴敬琏、资中筠、陈志武等国内外30余位经济学家、金融专家、著名学者、媒体精英、财经人士,从货币的起源开始,到货币的发展、货币的崛起、货币的灾难和货币的未来,对货币和政治、经济、文化以及社会运行秩序之间的关系进行一次较为全面深入的梳理,并对中国经济和世界经济的未来提出了独到的看法。 | |
| 510 | 0 | @aMoney@zeng |
| 517 | 1 | @a从货币看懂中国经济和世界经济@ACong Huo Bi Kan Dong Zhong Guo Jing Ji He Shi Jie Jing Ji |
| 606 | 0 | @a货币史@y世界 |
| 606 | 0 | @a货币史 |
| 690 | @aF821.9@v5 | |
| 711 | 02 | @a《货币》纪录片主创团队@A《 Huo Bi》 Ji Lu Pian Zhu Chuang Tuan Dui@4著 |
| 801 | 0 | @aCN@bTANGWEI@c20140603 |
| 905 | @b0841733-35@dF821.9@e71@f3 | |
| 货币:从货币看懂中国经济和世界经济.Ⅱ=Money.Ⅱ/《货币》纪录片主创团队著.-北京:中信出版社,2012 |
| 246页:照片;23cm |
| ←并列题名:Money |
| ISBN 978-7-5086-3484-5:CNY59.00 |
| 本书云集吴敬琏、资中筠、陈志武等国内外30余位经济学家、金融专家、著名学者、媒体精英、财经人士,从货币的起源开始,到货币的发展、货币的崛起、货币的灾难和货币的未来,对货币和政治、经济、文化以及社会运行秩序之间的关系进行一次较为全面深入的梳理,并对中国经济和世界经济的未来提出了独到的看法。 |
| ● |
| 相关链接 |
|
|
|
|
正题名:货币
索取号:F821.9/71
 
预约/预借
| 序号 | 登录号 | 条形码 | 馆藏地/架位号 | 状态 | 备注 |
| 1 | 0841733 | 208417337 | 第一样本阅览室/ [索取号:F821.9/71] | 在馆 | |
| 2 | 0841734 | 208417346 | 第一借阅区/ [索取号:F821.9/71] | 在馆 | |
| 3 | 0841735 | 208417355 | 密集书库-海洋学院/ [索取号:F821.9/71] | 在馆 |